Voices (Record no. 79619)

MARC details
000 -LEADER
fixed length control field 00446nam a22001697a 4500
005 - DATE AND TIME OF LATEST TRANSACTION
control field 20130924144946.0
010 ## - LCCN (DPL NO)
LC control number G-2208
020 ## - INTERNATIONAL STANDARD BOOK NUMBER
International Standard Book Number 9788125952220
Terms of availability 95.00
035 ## - SYSTEM CONTROL NUMBER
System control number G-2208
037 ## - SOURCE OF ACQUISITION
Stock number GIFT
245 ## - TITLE STATEMENT
Title Voices
Remainder of title A multi-skill course in English
260 ## - PUBLICATION, DISTRIBUTION, ETC. (IMPRINT)
Place of publication, distribution, etc NDelhi
Name of publisher, distributor, etc Madhubun
270 ## - ADDRESS
Address 576,Masjid Road,Jangpura
City N.Delhi
Postal code 110014
300 ## - PHYSICAL DESCRIPTION
Extent 116p.
Other physical details col.ill.
Dimensions 21cm(pbk)
942 ## - ADDED ENTRY ELEMENTS (KOHA)
Source of classification or shelving scheme Dewey Decimal Classification
Item type Children Books
Classification part S
Call number suffix VOI
Holdings
Withdrawn status Lost status Not for loan Collection code Home library Current library Date acquired Cost, normal purchase price Full call number Barcode Copy number Cost, replacement price Koha item type
      Fiction Patel Nagar Patel Nagar 24/09/2013 95.00 S VOI G-2208 1 95.00 Children Books

© Delhi Public Library
Hit Counter
free hit counter